Tactical pilotage chart, TPC. D-2B, Finland, Norway, Sweden.

Bibliographic Details
Corporate Authors: Great Britain. Military Survey, Aerospace Center (U.S.)
Format: Government Document Map
Language:English
Published: London : St. Louis, MO : The Survey ; DMA Aerospace Center ; 1996.
Edition:Ed. 7-GSGS.
Subjects:

MARC

Tag First Indicator Second Indicator Subfields
LEADER 00000cem a2200000 a 4500
001 in00001402766
005 20151020052150.0
007 aj canzn
008 970813s1996 enkacg cc a f 0 eng d
010 |a gp 97067035  
034 1 |a a  |b 500000  |d E0110000  |e E0223000  |f N0640000  |g N0600000 
035 |a (OCoLC)37461676 
035 |9 AHM2880AM 
037 |a TPCXXD 02 B  |b DMA 
040 |a GPO  |c GPO  |d DLC  |d MvI  |d UtOrBLW 
052 |a 6961 
052 |a 6941 
052 |a 6951 
074 |a 0378-E-05 
086 0 |a D 5.354:TPC D-2 B/996 
110 1 |a Great Britain.  |b Military Survey. 
245 1 0 |a Tactical pilotage chart, TPC.  |n D-2B,  |p Finland, Norway, Sweden. 
246 3 0 |a Finland, Norway, Sweden 
246 2 |a TPC, Finland, Norway, Sweden 
250 |a Ed. 7-GSGS. 
255 |a Scale 1:500,000 ;  |b Lambert conformal conic proj., standard parallels 57⁰20ʹ and 62⁰40ʹ  |c (E 11⁰00ʹ--E 22⁰30ʹ/N 64⁰00ʹ--N 60⁰00ʹ). 
264 1 |a London :  |b The Survey ;  |a St. Louis, MO :  |b DMA Aerospace Center ;  |c 1996. 
264 2 |a [Riverdale, Md.] :  |b [NOAA Distribution Branch (N/ACC3), National Ocean Service, distributor], 
300 |a 1 map :  |b color ;  |c 95 x 132 cm., on sheet 106 x 146 cm., folded to 27 x 37 cm. 
336 |a cartographic image  |b cri  |2 rdacontent 
337 |a unmediated  |b n  |2 rdamedia 
338 |a sheet  |b nb  |2 rdacarrier 
500 |a Relief shown by contours, tints, and spot heights. 
500 |a Produced by the Military Survey for DMA Aerospace Center to issue as series TPC D-2B. 
500 |a "Air information current at 25 September 1996." 
500 |a "Revised 1996." 
500 |a "Crown copyright 1996." 
500 |a Includes elevation tints and interchart relationship diagrams. 
500 |a "12/96/931324M." 
500 |a Cartographic material. 
650 0 |a Aeronautical charts  |z Finland. 
650 0 |a Aeronautical charts  |z Norway. 
650 0 |a Aeronautical charts  |z Sweden. 
710 2 |a Aerospace Center (U.S.) 
999 |a MARS 
999 f f |s ac2d43db-74f4-3171-a997-c523d494a1a6  |i 73f7115b-d214-3d32-b685-8040386ea3ea  |t 0 
952 f f |p normal  |a Texas A&M University  |b College Station  |c Sterling C. Evans Library  |d Evans: Maps (2nd floor)  |t 0  |e G3201.P6 s500.U5 TPC D-2B 1996  |h Library of Congress classification  |i unmediated -- sheet  |m A14823017405 
998 f f |a G3201.P6 s500.U5 TPC D-2B 1996  |t 0  |l Evans: Maps (2nd floor)